00355nam a2200133 a 450008200180000010000200001824500370003826000370007530000100011250000350012250500160015765000280017370000200020100a297.1224bJAF aJeffery, Arthur aForeign Vocabulary of the Qur`an aBarodabOriental Institutec1938 a311p. aincludes index and biblioraphy2 aArabic-Urdu aQuran-Textual Criticism1 aJeffery, Arthur